Environmental health criteria; N.174 Isophorone

সংরক্ষণ করুন:
গ্রন্থ-পঞ্জীর বিবরন
প্রধান লেখক: WHO
বিন্যাস: গ্রন্থ
ভাষা:Undetermined
প্রকাশিত: Geneva WHO 1995
বিষয়গুলি:
ট্যাগগুলো: ট্যাগ যুক্ত করুন
কোনো ট্যাগ নেই, প্রথমজন হিসাবে ট্যাগ করুন!
Thư viện lưu trữ: Trung tâm Học liệu Trường Đại học Cần Thơ
LEADER 00514nam a2200193Ia 4500
001 CTU_21568
008 210402s9999 xx 000 0 und d
082 |a 363.7384 
082 |b W927/E.174 
100 |a WHO 
245 0 |a Environmental health criteria; N.174 
245 0 |b Isophorone 
245 0 |c WHO 
260 |a Geneva 
260 |b WHO 
260 |c 1995 
650 |a environmental protection,pollution,public health 
904 |i Minh, 980112 
980 |a Trung tâm Học liệu Trường Đại học Cần Thơ